Statistiques concernant Les plus grandes entreprises du monde 2021

Cliquez ici pour prendre le quiz!

Statistiques générales

  • Ce quiz a été pris 194 fois
  • Le résultat moyen est 6 sur 20

Statistiques - réponses

SecteurPaysNomCapitalisation Boursière% Correct
Vente au détail sur InternetÉtats UnisAmazon1.557,49
90%
Technologie, MatérielÉtats UnisApple2.035,72
84%
Technologie, LogicielÉtats UnisMicrosoft1.752,66
66%
VoituresÉtats UnisTesla648,38
58%
Médias et services interactifsÉtats UnisFacebook733,62
57%
Vente au détail sur InternetChineAlibaba643,62
48%
Technologie, MatérielCorée du sudSamsung439,3
48%
PétroleArabie SaouditeAramco1.836,75
20%
Médias et services interactifsÉtats UnisAlphabet1.368,28
19%
Vente au détailÉtats UnisWalmart367,58
19%
Médias et services interactifsChineTencent819,47
14%
PharmaceutiqueÉtats UnisJohnson & Johnson416,54
7%
Semi-conducteursTaïwanTSMC563,7
7%
Services informatiquesÉtats UnisVisa469,27
7%
Semi-conducteursÉtats UnisNvidia339,57
6%
Services informatiquesÉtats UnisMastercard351,5
5%
Services financiers diversifiésÉtats UnisBerkshire Hath566,41
2%
DivertissementÉtats UnisWalt disney343,16
2%
BanquesÉtats UnisJPMorgan Chase449,09
1%
BoissonsChineKweichow mouta412,33
0%

Distribution des résultats

Percentile par nombre de réponses

% des personnes avec chaque résultat

Votre développement - résultats

Vous n’avez pas pris ce quiz